Sendikal yasaklar ve taleplerimiz (Record no. 7658)

MARC details
000 -BAŞLIK
Sabit Uzunlukta Kontrol Alanı 00583na a2200205 4500
001 - KONTROL NUMARASI
Denetim Alanı 20714
003 - KONTROL NUMARASI IDENTIFIER
Denetim Alanı MIRAKIL
005 - SON İŞLEM TARİHİ VE ZAMANI
Denetim Alanı 20181213155146.0
008 - SABİT-BOY VERİ ELEMANLARI - GENEL BİLGİLER
Sabit Uzunlukta Kontrol Alanı 170126b tu 000 0
040 ## - KATALOGLAMA KAYNAK
Orijinal Kataloglama Ajansı Milas
Kataloglama Dili tur
Metne Dönüştürmek Ajansı TR-AnCHP
041 ## - DİL KODU
Metin / Ses Parça Veya Ayrı Başlığın Dil Kodu tur
082 ## - DEWEY ONLU SINIFLANDIRMA NUMARASI
Sınıflandırma Numarası 331.8811
Ürün Numarası S35 1995
090 ## - SINIFLAMA NUMARASI
Sınıflama Numarası 331.8811 S35 1995
245 ## - BAŞLIK TABLOSU
Başlık Sendikal yasaklar ve taleplerimiz
Sorumluluk Tablosu, Vb KESK
260 ## - YAYIN, DAĞITIM, VB
Yayın, Dağıtım, Vb Yeri İstanbul
Yayıncı, Dağıtıcı, Vs Adı KESK
Yayın, Dağıtım, Vb Tarihi 1995
Üretici Firma Mart matbaacılık
300 ## - FİZİKSEL TANIM
Kapsam 56 s.
Diğer Fiziksel Ayrıntıları res.
Boyutlar 19 sm.
650 ## - KONU KATMA GİRİŞ - TOPİKAL DÖNEM
Topikal Süreli Veya Coğrafi Ad Giriş Elemanı İşçi sendikaları
Genel Alt Bölümü Türkiye
710 ## - KATMA GİRİŞ - KURUMSAL ADI
Giriş Elemanı Olarak Kurumsal Ad Veya Yargı Alanı Adı Kamu Emekçileri Sendikaları Konfederasyonu
942 ## - EKLENDİ GİRİŞ ELEMANLARI (KOHA)
Sınıflandırma Veya Raf Düzeni Kaynak Dewey Decimal Classification
Koha Öğesi Türü Books
999 ## - SİSTEM KONTROL NUMARALARI (KOHA)
Koha Biblionumber 7658
Koha Biblioitemnumber 7658
Holdings
Kalıcı Konum Mevcut Konum Edinme Tarihi Edinim Kaynak Toplam Check-Out'Lar Tam Çağrı Numarası Barkod Tarih Son Görülme İtibaren Geçerli Fiyatlar Koha Öğesi Türü
CHP Kütüphanesi CHP Kütüphanesi 01/26/2017 Bağış   331.8811 S35 1995 012114 01/26/2017 01/26/2017 Books